GETS Theological Seminary Library

激揚文字廣傳福音: (Record no. 18820)

MARC details
000 -LEADER
fixed length control field 00752nam a2200217Ia 4500
008 - FIXED-LENGTH DATA ELEMENTS--GENERAL INFORMATION
fixed length control field 200825s9999||||xx |||||||||||||| ||und||
020 ## - INTERNATIONAL STANDARD BOOK NUMBER
International Standard Book Number 9577272843
020 ## - INTERNATIONAL STANDARD BOOK NUMBER
International Standard Book Number 9789577272843
041 ## - LANGUAGE CODE
Language code of text/sound track or separate title chi
050 ## - LIBRARY OF CONGRESS CALL NUMBER
Classification number BR1288
Item number .C485 2006
100 ## - MAIN ENTRY--PERSONAL NAME
Personal name 陳建明
245 #0 - TITLE STATEMENT
Title 激揚文字廣傳福音:
Remainder of title 近代基督教在華文字事工 /
Statement of responsibility, etc. 陳建明
246 ## - VARYING FORM OF TITLE
Title proper/short title 激扬文字广传福音 :
Remainder of title 近代基督教在华文字事工/
260 ## - PUBLICATION, DISTRIBUTION, ETC.
Place of publication, distribution, etc. 台北 :
Name of publisher, distributor, etc. 基督教宇宙光全人關懷機構,
Date of publication, distribution, etc. 2006
300 ## - PHYSICAL DESCRIPTION
Extent 254 p. :
Other physical details ill. ;
Dimensions 21 cm.
490 ## - SERIES STATEMENT
Series statement 馬禮遜入華宣教200年紀念文集
Volume/sequential designation v. 25
650 ## - SUBJECT ADDED ENTRY--TOPICAL TERM
Topical term or geographic name entry element Church history 20th century.
650 ## - SUBJECT ADDED ENTRY--TOPICAL TERM
Topical term or geographic name entry element Mission China History 20th century.
650 ## - SUBJECT ADDED ENTRY--TOPICAL TERM
Topical term or geographic name entry element Religion and the press China.
Holdings
Withdrawn status Lost status Damaged status Not for loan Home library Current library Shelving location Date acquired Total Checkouts Full call number Barcode Date last seen Price effective from Koha item type
        GETS Theological Seminary Library GETS Theological Seminary Library General Stacks 08/25/2020   BR1288 .C485 2006 00006176 08/25/2020 08/25/2020 Chinese Book
OpacCredits

Contact the Librarian, GETS Library
Email: library@mygets.org









Implemented by GETS Library
(Powered by ETCA Professional Group)
GETS Theological Seminary
412 E. Rowland Street, CA 91723